[Event "POL-chT3"]
[Site "Poland"]
[Date "2002.??.??"]
[Round "?"]
[White "Walach, Marcin"]
[Black "Moldawski, Tomasz"]
[Result "1/2-1/2"]
[WhiteElo "2253"]
[BlackElo "2129"]
[PlyCount "91"]
[EventDate "2002.??.??"]
[EventType "team"]
[EventRounds "9"]
[EventCountry "POL"]
[SourceTitle "EXT 2006"]
[Source "ChessBase"]
[SourceDate "2005.11.24"]
[SourceVersion "1"]
[SourceVersionDate "2005.11.24"]
[SourceQuality "1"]

1. e4 c5 2. Nf3 Nc6 3. d4 cxd4 4. Nxd4 Nf6 5. Nc3 e5 6. Ndb5 d6 7. Bg5 a6 8. Bxf6 gxf6 9. Na3 b5 10. Nd5 f5 11. Bd3 Be6 12. c4 Qa5+ 13. Qd2 Qxd2+ 14. Kxd2 Bxd5 15. cxd5 Bh6+ 16. Ke1 Nb4 17. Ke2 0-0 18. exf5 Nxd5 19. Rhd1 Nf4+ 20. Kf1 d5 21. g3 Nxd3 22. Rxd3 Rac8 23. Rxd5 b4 24. Nb1 Rc1+ 25. Kg2 Rfc8 26. Rd6 Bf8 27. Rxa6 R8c2 28. Na3 bxa3 29. Rxc1 Rxc1 30. bxa3 Rc2 31. f6 e4 32. Kf1 Rxa2 33. Ra4 Rxa3 34. Rxe4 Rf3 35. Kg2 Rxf6 36. f4 Re6 37. Rxe6 fxe6 38. Kf3 h5 39. Ke4 Bg7 40. h3 Kf7 41. g4 Kf6 42. Kf3 h4 43. Ke4 Bh8 44. Kf3 Ke7 45. Ke4 Kd6 46. f5 1/2-1/2

[Event "POL-ch U18"]
[Site "Zakopane"]
[Date "2001.01.23"]
[Round "8"]
[White "Stoma, Pawel"]
[Black "Moldawski, Tomasz"]
[Result "0-1"]
[WhiteElo "2209"]
[BlackElo "2021"]
[PlyCount "54"]
[EventDate "2001.01.16"]
[EventType "swiss"]
[EventRounds "11"]
[EventCountry "POL"]
[SourceTitle "EXT 2002"]
[Source "ChessBase"]
[SourceDate "2001.11.25"]
[SourceVersion "1"]
[SourceVersionDate "2001.11.25"]
[SourceQuality "1"]

1. e4 c5 2. Nc3 Nc6 3. Bb5 Nd4 4. Bc4 g6 5. Nf3 Bg7 6. Nxd4 cxd4 7. Qf3 e6 8. Nb5 Be5 9. Qd3 Qb6 10. c3 dxc3 11. dxc3 a6 12. Be3 Qc6 13. Nd4 Qc7 14. a4 b6 15. Ne2 Ne7 16. f4 Bg7 17. 0-0 0-0 18. f5 d5 19. exd5 exd5 20. Bxd5 Nxd5 21. Qxd5 Bxf5 22. Nd4 Rad8 23. Qb3 Bd3 24. Rf2 Bc4 25. Qc2 Rfe8 26. Rf3 Bd5 27. Rh3 Rxe3 0-1

[Event "POL-ch U18"]
[Site "Zakopane"]
[Date "2001.01.18"]
[Round "3"]
[White "Moldawski, Tomasz"]
[Black "Jakubowski, Krzysztof"]
[Result "0-1"]
[WhiteElo "2021"]
[BlackElo "2331"]
[PlyCount "62"]
[EventDate "2001.01.16"]
[EventType "swiss"]
[EventRounds "11"]
[EventCountry "POL"]
[SourceTitle "EXT 2002"]
[Source "ChessBase"]
[SourceDate "2001.11.25"]
[SourceVersion "1"]
[SourceVersionDate "2001.11.25"]
[SourceQuality "1"]

1. e4 e5 2. Nf3 Nc6 3. Bb5 a6 4. Bxc6 dxc6 5. 0-0 f6 6. d4 exd4 7. Nxd4 Ne7 8. Be3 Ng6 9. f4 c5 10. Ne2 Qxd1 11. Rxd1 Bd6 12. Nd2 Bg4 13. Nf3 0-0-0 14. h3 Bd7 15. Nd2 Rhe8 16. Kf2 Bc6 17. f5 Nf8 18. Nc3 b6 19. Nd5 Bxd5 20. exd5 Re5 21. Nf3 Re7 22. g4 Nd7 23. Bd2 b5 24. b3 Ne5 25. Bc3 Nxf3 26. Kxf3 b4 27. Bb2 Rde8 28. Bc1 Re2 29. Rh1 Rxc2 30. Be3 Rc3 31. Rhe1 c4 0-1

[Event "POL-chT U19 2nd League"]
[Site "Krynica"]
[Date "2001.??.??"]
[Round "11"]
[White "Moldawski, Tomasz"]
[Black "Paterek, Michal"]
[Result "1/2-1/2"]
[WhiteElo "2105"]
[BlackElo "2160"]
[PlyCount "40"]
[EventDate "2001.07.16"]
[EventType "team-swiss"]
[EventRounds "11"]
[EventCountry "POL"]
[SourceTitle "EXT 2003"]
[Source "ChessBase"]
[SourceDate "2002.11.25"]
[SourceVersion "1"]
[SourceVersionDate "2002.11.25"]
[SourceQuality "1"]
[WhiteTeam "Wisla Strumien U19"]
[BlackTeam "Radom UKS MDK U19"]
[WhiteTeamCountry "POL"]
[BlackTeamCountry "POL"]

1. e4 g6 2. d4 Bg7 3. Nc3 d6 4. Nf3 e5 5. dxe5 dxe5 6. Qxd8+ Kxd8 7. Ng5 Nh6 8. Be3 c6 9. h3 f6 10. Nf3 Nd7 11. Bc4 Ke7 12. Ke2 Nf7 13. Rhd1 Rd8 14. a4 a5 15. Rd2 Bh6 16. Rad1 Bxe3 17. Kxe3 Nf8 18. Rxd8 Nxd8 19. Ne2 Nde6 20. Ne1 Nc5 1/2-1/2

[Event "POL-chT2 South U19"]
[Site "Rudnik"]
[Date "2000.??.??"]
[Round "8.1"]
[White "Czakon, Jakub"]
[Black "Moldawski, Tomasz"]
[Result "0-1"]
[WhiteElo "2118"]
[BlackElo "2013"]
[PlyCount "70"]
[EventDate "2000.07.20"]
[EventType "team-swiss"]
[EventRounds "10"]
[EventCountry "POL"]
[SourceTitle "EXT 2005"]
[Source "ChessBase"]
[SourceDate "2004.11.15"]
[SourceVersion "1"]
[SourceVersionDate "2004.11.15"]
[SourceQuality "1"]
[WhiteTeam "Katowice Start U19"]
[BlackTeam "Olkusz Czarny Kon U19"]
[WhiteTeamCountry "POL"]
[BlackTeamCountry "POL"]

1. d4 Nf6 2. c4 g6 3. Nc3 Bg7 4. e4 d6 5. Be2 0-0 6. Bg5 Na6 7. Qd2 e5 8. d5 Qe8 9. h4 Nc5 10. f3 Nh5 11. Bd1 f5 12. exf5 gxf5 13. Be3 e4 14. Be2 Ng3 15. Rh2 Nxe2 16. Ngxe2 Nd3+ 17. Kf1 Ne5 18. f4 Nxc4 19. Qc1 Nxe3+ 20. Qxe3 c5 21. Rb1 a5 22. h5 b5 23. h6 Bf6 24. Ng3 Bd4 25. Qe1 b4 26. Nce2 Ba6 27. b3 Qg6 28. Rh3 Qg4 29. Nh5 Bxe2+ 30. Qxe2 Qxe2+ 31. Kxe2 Kf7 32. Rbh1 a4 33. Ng7 axb3 34. axb3 Ra2+ 35. Kd1 Rfa8 0-1

[Event "POL-chT2 South U19"]
[Site "Rudnik"]
[Date "2000.??.??"]
[Round "2.1"]
[White "Fudalej, Michal"]
[Black "Moldawski, Tomasz"]
[Result "1-0"]
[WhiteElo "2200"]
[BlackElo "2013"]
[PlyCount "55"]
[EventDate "2000.07.20"]
[EventType "team-swiss"]
[EventRounds "10"]
[EventCountry "POL"]
[SourceTitle "EXT 2005"]
[Source "ChessBase"]
[SourceDate "2004.11.15"]
[SourceVersion "1"]
[SourceVersionDate "2004.11.15"]
[SourceQuality "1"]
[WhiteTeam "Zabrze Budosak U19"]
[BlackTeam "Olkusz Czarny Kon U19"]
[WhiteTeamCountry "POL"]
[BlackTeamCountry "POL"]

1. Nf3 Nf6 2. g3 g6 3. Bg2 Bg7 4. 0-0 0-0 5. c4 d6 6. Nc3 Nc6 7. Rb1 e5 8. d3 Nh5 9. b4 f5 10. Qb3 Nd4 11. Nxd4 exd4 12. Nd5 c6 13. Nf4 Nxf4 14. Bxf4 Re8 15. Rfe1 Kh8 16. b5 c5 17. a4 g5 18. Bd2 Be5 19. e3 dxe3 20. fxe3 Rg8 21. d4 cxd4 22. exd4 Bxd4+ 23. Be3 Be5 24. c5 f4 25. Bf2 h5 26. Rbd1 Qf6 27. cxd6 Bg4 28. Rxe5 1-0

[Event "POL-chT2 South U19"]
[Site "Rudnik"]
[Date "2000.??.??"]
[Round "4.1"]
[White "Kliemt, Grzegorz"]
[Black "Moldawski, Tomasz"]
[Result "1-0"]
[WhiteElo "2068"]
[BlackElo "2013"]
[PlyCount "109"]
[EventDate "2000.07.20"]
[EventType "team-swiss"]
[EventRounds "10"]
[EventCountry "POL"]
[SourceTitle "EXT 2005"]
[Source "ChessBase"]
[SourceDate "2004.11.15"]
[SourceVersion "1"]
[SourceVersionDate "2004.11.15"]
[SourceQuality "1"]
[WhiteTeam "Gliwice Carbo U19"]
[BlackTeam "Olkusz Czarny Kon U19"]
[WhiteTeamCountry "POL"]
[BlackTeamCountry "POL"]

1. c4 g6 2. Nc3 Bg7 3. g3 d6 4. Bg2 e5 5. d3 f5 6. e3 Nf6 7. Nge2 c6 8. b4 0-0 9. 0-0 Be6 10. a4 d5 11. cxd5 Nxd5 12. Nxd5 Bxd5 13. e4 fxe4 14. dxe4 Bc4 15. Qxd8 Rxd8 16. Bg5 Re8 17. Rfe1 Na6 18. Rab1 Bf8 19. b5 Nc5 20. Nc3 Nd3 21. Red1 h6 22. Be3 Nc5 23. Bf1 Be6 24. f3 Red8 25. Kf2 Rxd1 26. Rxd1 Nb3 27. f4 exf4 28. gxf4 Be7 29. Kg3 Na5 30. h4 h5 31. Bh3 Bxh3 32. Kxh3 Kf7 33. f5 Bf6 34. Ne2 gxf5 35. exf5 Re8 36. Rd7+ Kg8 37. Bd4 Bxd4 38. Nxd4 c5 39. Ne6 c4 40. Rc7 a6 41. Kg3 axb5 42. axb5 c3 43. Kf4 c2 44. Rxc2 Kf7 45. Ke5 b6 46. Rc7+ Re7 47. Rxe7+ Kxe7 48. f6+ Ke8 49. Ng5 Nb7 50. Kf5 Kf8 51. Kg6 Nd6 52. f7 Ke7 53. Kxh5 Nxb5 54. Kg6 Nc7 55. Kg7 1-0

[Event "POL-chT2 South U19"]
[Site "Rudnik"]
[Date "2000.??.??"]
[Round "6.1"]
[White "Moldawski, Tomasz"]
[Black "Hudziak, Pawel"]
[Result "1-0"]
[WhiteElo "2013"]
[BlackElo "2173"]
[PlyCount "47"]
[EventDate "2000.07.20"]
[EventType "team-swiss"]
[EventRounds "10"]
[EventCountry "POL"]
[SourceTitle "EXT 2005"]
[Source "ChessBase"]
[SourceDate "2004.11.15"]
[SourceVersion "1"]
[SourceVersionDate "2004.11.15"]
[SourceQuality "1"]
[WhiteTeam "Olkusz Czarny Kon U19"]
[BlackTeam "Klodzko Sudety U19"]
[WhiteTeamCountry "POL"]
[BlackTeamCountry "POL"]

1. e4 c6 2. d4 d5 3. e5 c5 4. dxc5 Nc6 5. Bb5 e6 6. Be3 Nge7 7. c3 Bd7 8. Bxc6 Nxc6 9. f4 g5 10. fxg5 Nxe5 11. Nf3 Bg7 12. Nxe5 Bxe5 13. Qh5 Qc7 14. 0-0 Bb5 15. Rf2 Bd3 16. Bd4 Bg6 17. Qh4 0-0 18. Nd2 b6 19. cxb6 axb6 20. Nf3 Bd6 21. Bf6 Rfe8 22. Ne5 b5 23. Ng4 Ra5 24. Bd4 1-0

[Event "POL-chT 2nd div South"]
[Site "Polanica Zdroj"]
[Date "1999.??.??"]
[Round "2"]
[White "Lercel, Michal"]
[Black "Moldawski, Tomasz"]
[Result "1/2-1/2"]
[WhiteElo "2123"]
[BlackElo "2077"]
[PlyCount "72"]
[EventDate "1999.09.17"]
[EventType "team-swiss"]
[EventRounds "10"]
[EventCountry "POL"]
[SourceTitle "EXT 2001"]
[Source "ChessBase"]
[SourceDate "2000.11.22"]
[SourceVersion "1"]
[SourceVersionDate "2000.11.22"]
[SourceQuality "1"]
[WhiteTeam "POL-chT 2nd div South 01"]
[BlackTeam "POL-chT 2nd div South 03"]
[WhiteTeamCountry "POL"]
[BlackTeamCountry "POL"]

1. e4 c5 2. Nf3 a6 3. c3 d6 4. d4 Nf6 5. dxc5 dxc5 6. Nbd2 Nc6 7. Be2 Bg4 8. 0-0 Qc7 9. Qc2 e6 10. Re1 Be7 11. a4 0-0 12. Nc4 Bxf3 13. Bxf3 b5 14. Na3 Ne5 15. axb5 Nxf3+ 16. gxf3 Nh5 17. Be3 Bd6 18. b6 Qe7 19. Nc4 Bf4 20. Kh1 f5 21. Bxf4 Nxf4 22. e5 Qh4 23. Rg1 Nh3 24. Rg3 Qxc4 25. Rxh3 Qb5 26. Qa4 Qxb6 27. Qh4 h6 28. Rg1 Qc7 29. Qxh6 Qxe5 30. Qh7+ Kf7 31. Qg6+ Ke7 32. Qxg7+ Qxg7 33. Rxg7+ Rf7 34. Rxf7+ Kxf7 35. Rh7+ Kf6 36. Rc7 Rb8 1/2-1/2

[Event "POL-chT U19 30th"]
[Site "Straszecin"]
[Date "1999.??.??"]
[Round "?"]
[White "Moldawski, Tomasz"]
[Black "Bartel, Mateusz"]
[Result "1/2-1/2"]
[WhiteElo "2077"]
[BlackElo "2260"]
[PlyCount "125"]
[EventDate "1999.07.21"]
[EventType "team-tourn"]
[EventRounds "11"]
[EventCountry "POL"]
[SourceTitle "EXT 2002"]
[Source "ChessBase"]
[SourceDate "2001.11.25"]
[SourceVersion "1"]
[SourceVersionDate "2001.11.25"]
[SourceQuality "1"]
[WhiteTeam "Wisla Strumien U19"]
[BlackTeam "Warszawa Polonia PKO BP U19"]
[WhiteTeamCountry "POL"]
[BlackTeamCountry "POL"]

1. e4 e6 2. d4 d5 3. Nc3 Bb4 4. e5 c5 5. a3 Bxc3+ 6. bxc3 Ne7 7. Qg4 Qc7 8. Qxg7 Rg8 9. Qxh7 cxd4 10. Ne2 Nbc6 11. f4 Bd7 12. Qd3 dxc3 13. Nxc3 a6 14. Rb1 Na5 15. h4 0-0-0 16. h5 Nf5 17. Rh3 d4 18. Ne4 Bb5 19. Qd1 Nc4 20. g4 Nfe3 21. Bxe3 dxe3 22. Bd3 f5 23. Ng5 fxg4 24. Qxg4 Qa5+ 25. Rb4 Qxa3 26. Qxe6+ Kb8 27. Rxc4 Qc1+ 28. Ke2 Qd2+ 29. Kf3 Qf2+ 30. Ke4 e2 31. Bxe2 Qxe2+ 32. Re3 Qxc4+ 33. Qxc4 Bxc4 34. e6 Rde8 35. Kf5 Kc7 36. h6 Ref8+ 37. Ke5 Kd8 38. h7 Rh8 39. f5 Ke7 40. Rf3 Rd8 41. f6+ Ke8 42. f7+ Ke7 43. f8Q+ Rdxf8 44. Rxf8 Rxf8 45. Nf7 Bxe6 46. h8Q Rxh8 47. Nxh8 Ba2 48. Ng6+ Kd7 49. Kd4 Kc6 50. Ne5+ Kb5 51. Kc3 a5 52. Nf3 a4 53. Kb2 Bd5 54. Nd2 Kc5 55. Nb1 Kd4 56. Na3 Bc6 57. Nb1 Kc5 58. Na3 Be4 59. Nb1 Bg6 60. Na3 Kd4 61. Nb5+ Kc5 62. Na3 Be8 63. Kc3 1/2-1/2